<?xml version="1.0" encoding="UTF-8"?><?xml-stylesheet type="text/xsl" href="static/style.xsl"?><OAI-PMH xmlns="http://www.openarchives.org/OAI/2.0/" xmlns:xsi="http://www.w3.org/2001/XMLSchema-instance" xsi:schemaLocation="http://www.openarchives.org/OAI/2.0/ http://www.openarchives.org/OAI/2.0/OAI-PMH.xsd"><responseDate>2026-06-06T01:51:06Z</responseDate><request verb="GetRecord" identifier="oai:riuma.uma.es:10630/8710" metadataPrefix="marc">https://riuma.uma.es/rest/oai/request</request><GetRecord><record><header><identifier>oai:riuma.uma.es:10630/8710</identifier><datestamp>2026-02-03T12:27:41Z</datestamp><setSpec>com_10630_2254</setSpec><setSpec>col_10630_37959</setSpec></header><metadata><record xmlns="http://www.loc.gov/MARC21/slim" xmlns:dcterms="http://purl.org/dc/terms/" xmlns:doc="http://www.lyncode.com/xoai" xmlns:xsi="http://www.w3.org/2001/XMLSchema-instance" xsi:schemaLocation="http://www.loc.gov/MARC21/slim http://www.loc.gov/standards/marcxml/schema/MARC21slim.xsd">
   <leader>00925njm 22002777a 4500</leader>
   <datafield ind2=" " ind1=" " tag="042">
      <subfield code="a">dc</subfield>
   </datafield>
   <datafield ind2=" " ind1=" " tag="720">
      <subfield code="a">Cabré, Mª Teresa</subfield>
      <subfield code="e">author</subfield>
   </datafield>
   <datafield ind2=" " ind1=" " tag="260">
      <subfield code="c">2015-01-27</subfield>
   </datafield>
   <datafield ind2=" " ind1=" " tag="520">
      <subfield code="a">Terminología y discurso: una necesidad bidireccional&#xd;
&#xd;
Las disciplinas, que suelen construirse a partir de la delimitación de un objeto de estudio, tienen a presentar más sus diferencias que sus afinidades. La razón de esta distancia yace seguramente en la búsqueda de especificidad, de una personalidad que las afirme como disciplinas bien establecidas. Pero es bien sabido que el conocimiento es un contínuum solo segmentado por motivos funcionales o pragmáticos y que para poder describir determinados objetos de saber hay que recurrir a elementos de otras disciplinas.&#xd;
Este es el caso de la terminología y el discurso: sin una cooperación entre ambas nociones ni el discurso especializado puede caracterizarse ni la unidad término posee ninguna entidad. Si esto es así, para analizar los términos hay que partir del discurso, y para darles hay que contar con el discurso.&#xd;
&#xd;
En este charla abordaremos la relación entre ambas nociones y la proyectaremos en la metodología del trabajo terminológico.</subfield>
   </datafield>
   <datafield ind1="8" ind2=" " tag="024">
      <subfield code="a">http://hdl.handle.net/10630/8710</subfield>
   </datafield>
   <datafield tag="653" ind2=" " ind1=" ">
      <subfield code="a">Terminología</subfield>
   </datafield>
   <datafield ind2="0" ind1="0" tag="245">
      <subfield code="a">Terminología y Discurso</subfield>
   </datafield>
</record>
</metadata></record></GetRecord></OAI-PMH>